| 000 | 00860nam a22002057a 4500 | ||
|---|---|---|---|
| 999 |
_c11755 _d11755 |
||
| 003 | AR-CdUCM | ||
| 008 | 190404b ||||| |||| 00| 0 spa d | ||
| 040 |
_aMUNICIPALIDAD PROVINCIAL DEL CUSCO _cBIBLIOTECA MUNICIPAL DEL CUSCO |
||
| 082 |
_a338.943 / _bS67 / 1945 |
||
| 100 |
_aSommi, Luis V. _929266 |
||
| 245 |
_aLos capitales alemanes en la Argentina : _bHistoria de su expansión / |
||
| 260 |
_aBuenos Aires : _bEditorial Claridad, _c1945. |
||
| 300 |
_a358 páginas ; _c20 cm. |
||
| 505 | _aContenido: Antecedentes históricos de la expansión alemana -- El curso histórico de las inversiones alemanas en la Argentina -- Historia de la expansión comercial alemana en la Argentina... | ||
| 650 |
_aExtensión comercial _929267 |
||
| 650 |
_aEconomía capitalista _920788 |
||
| 650 |
_aCiencias sociales _91096 |
||
| 942 |
_2ddc _cLIBROS |
||
| 945 | _adavv | ||